|
|
|
|
| LEADER |
01677nam a2200409 i 4500 |
| 001 |
nkc20152706887 |
| 003 |
CZ PrNK |
| 005 |
20160308130522.0 |
| 007 |
ta |
| 008 |
150716s2015 xr ach e c 000 0 cze |
| 020 |
|
|
|a 978-80-87898-10-9
|q (brožováno)
|
| 040 |
|
|
|a ABA001
|b cze
|e rda
|
| 041 |
1 |
|
|a cze
|a ger
|h cze
|
| 043 |
|
|
|a e-xr---
|
| 072 |
|
7 |
|a 94(437)
|x Dějiny Česka a Slovenska
|2 Konspekt
|9 8
|
| 080 |
|
|
|a (=162.3):(=112.2)
|2 MRF
|
| 080 |
|
|
|a (437.3)
|2 MRF
|
| 080 |
|
|
|a (083.824)
|2 MRF
|
| 245 |
0 |
0 |
|a Čechy/Böhmen - domov i Heimat :
|b o trpkých a sladkých plodech lásky k domovu = Böhmen/Čechy - Heimat und domov : über den herben und süßen Früchten der Liebe zur Heimat : katalog výstavy 30.5.-31.10.2015, radnice, kostel sv. Kateřiny, Chomutov /
|c sestavil: Stanislav Děd
|
| 246 |
3 |
1 |
|a Böhmen/Čechy - Heimat und domov
|
| 264 |
|
1 |
|a Chomutov :
|b Oblastní muzeum v Chomutově,
|c 2015
|
| 300 |
|
|
|a 28 stran :
|b barevné ilustrace, portréty, faksimile ;
|c 30 cm
|
| 336 |
|
|
|a text
|b txt
|2 rdacontent
|
| 337 |
|
|
|a bez média
|b n
|2 rdamedia
|
| 338 |
|
|
|a svazek
|b nc
|2 rdacarrier
|
| 546 |
|
|
|a Souběžný německý text
|
| 650 |
0 |
7 |
|a Češi a Němci
|7 ph135237
|z Česko
|2 czenas
|
| 650 |
0 |
9 |
|a Czechs and Germans
|z Czechia
|2 eczenas
|
| 655 |
|
7 |
|a katalogy výstav
|7 fd132536
|2 czenas
|
| 655 |
|
9 |
|a exhibition catalogs
|2 eczenas
|
| 700 |
1 |
|
|a Děd, Stanislav,
|d 1945-
|7 mzk2005304344
|4 com
|
| 710 |
2 |
|
|a Radnice (budova : Chomutov, Česko)
|7 ko2015880094
|4 orm
|
| 910 |
2 |
|
|a BOA001
|b 4-1363.462
|
| 990 |
|
|
|a BK
|
| 995 |
|
|
|a 11
|
| 991 |
|
|
|b 201603
|c NOV
|
| 996 |
6 |
|
|b 2610661767
|c 4-1363.462
|l MZK
|r Sklad / do 1 hodiny
|n 0
|p p.v.
|w 001548361
|u 000010
|a 1
|e BOA001
|j MZK50
|s P
|